000 00430nam a2200157Ia 4500
008 160316s1998 xxu||||| |||| 00| 0 eng d
082 _a951.500000
_bLAZ
100 _aLazar Edward
245 _aTibet : The issue is independence
250 _a
260 _aDelhi
_bFull Circle
_c1998
300 _a92p
_b
_c
365 _bRs.100
650 _a1. Tibet - Independence Struggle 2. Independence Struggle -Tibetians
700 _a
_a
999 _c13553
_d13553